000 00448nmm a2200169Ia 4500
008 251105s9999||||xx |||||||||||||||||und||
020 _a9788492509300
041 _aspa
100 _aPascual, Santiago
245 0 _aEl hombre emergente
264 _a[Madrid, España] :
_bEquipo Sirius,
_c2007
300 _a102 páginas
490 _aCienTemas
650 _aSciences
856 _uhttps://public.digitaliapublishing.com/a/1193
942 _cCF
999 _c88839
_d88839